000 01079nam a2200241 i 4500
001 158799
003 ES-MaACL
005 20251012063054.0
008 950111s1846 sp |||| |dspa d
100 1 _aMaroto, Rafael,
_d1783-1847
_9129526
245 1 0 _aVindicación del general Maroto y manifiesto razonado de las causas del Convenio de Vergara, de los fusilamientos de Estella y demás sucesos notables que les precedieron
_b: justificados con cincuenta documentos inéditos los más.
260 _aMadrid :
_b[s.n.],
_c1846 (
_fImp. del Colegio de Sordo-Mudos)
300 _a412 p. ;
_c21 cm.
530 _aDisponible en formato digital.
597 _aPort. con grab.
600 1 7 _aMaroto, Rafael,
_d1783-1847
_2
_9129526
650 4 _aConvenio de Vergara, 1839.
_9170629
651 4 _aEspaña-
_xHistoria-
_y1833-1840, Guerra carlista
_98250
852 _aES-MaACL
_jG-9424
_z- Enc. hol.
852 _aES-MaACL
_jC-2237
_z- Enc. hol.
856 _uhttp://bdh-rd.bne.es/viewer.vm?id=0000054480&page=1
_zBiblioteca Digital Hispánica
999 _c158799
_d158799